Historia natural
Guardat en:
| Autor principal: | |
|---|---|
| Format: | Llibre |
| Idioma: | espanyol |
| Publicat: |
Madrid
editorial Gredos
2010
|
| Col·lecció: | Biblioteca Clásica Gredos, 388
|
| Matèries: | |
| Etiquetes: |
Afegir etiqueta
Sense etiquetes, Sigues el primer a etiquetar aquest registre!
|
MARC
| LEADER | 00000cam a2200000 a 4500 | ||
|---|---|---|---|
| 001 | UCG6057 | ||
| 003 | CL-VaPUC | ||
| 008 | 110331e20100900SP |||||||||||||||||spa|d | ||
| 020 | |a 9788424915254 | ||
| 082 | 0 | 4 | |a 508 |b PLI |2 21 |
| 100 | |a Plinio Segundo, Cayo |e auteur |9 556054 | ||
| 245 | 1 | 0 | |a Historia natural |
| 300 | |a v | ||
| 942 | |c BK | ||
| 945 | |d 20110331 00:00:00 |a jcampos | ||
| 260 | |a Madrid |b editorial Gredos |c 2010 | ||
| 500 | |a v.4: Libros XII-XVI | ||
| 600 | 0 | |a Plinio, El Viejo |9 455639 | |
| 650 | 0 | |a Filosofía de las ciencias |9 256466 | |
| 650 | 0 | |a Biología |9 262022 | |
| 650 | 7 | |a FENOMENOS NATURALES |2 CL-VaPUC |9 343098 | |
| 650 | 0 | |a Botánica |9 264202 | |
| 583 | |a last modification |c 20120106 09:07:12 |k Rodrigo Vera | ||
| 490 | 0 | |a Biblioteca Clásica Gredos, 388 | |
| 999 | |c 344358 |d 344356 | ||
| 952 | |0 0 |1 0 |4 0 |6 508_000000000000000_PLI_2010 |7 0 |8 X |9 442283 |a BIBHIS |b BIBHIS |d 2019-11-22 |h v.4 |i 4762207 |o 508 PLI 2010 |p 4762207 |r 2024-01-30 |w 2019-11-22 |y BK_X |k HIS | ||
| 952 | |0 0 |1 0 |4 0 |6 508_000000000000000_PLI_2010 |7 0 |8 X |9 442284 |a BIBHIS |b BIBHIS |d 2019-11-22 |h v.4 |i 4819535 |o 508 PLI 2010 |p 4819535 |r 2024-01-30 |w 2019-11-22 |y BK_X |k HIS | ||